000
00284nam a22001337a 4500
003
SGT
020
_a
9781138560703
082
_a
777.7
_b
JON
100
_a
JONES STEWART
245
_a
DIGITAL CREATURE RIGGING
260
_a
UK
_b
CRC PRESS
_c
2019
300
_a
159
942
_2
ddc
_c
BK
999
_c
34681
_d
34681